000 00867nam a22001937a 4500
005 20240813103846.0
010 _aHIN-128156
020 _a9788179757048
_c750.00
035 _aHN-100502
037 _bDBAD
082 _a821.08
100 _aशर्मा ,मीना
_969888
245 _aनव जागरण और स्त्री /
_cमीना शर्मा
250 _a1
260 _a नई दिल्ली
_bअनामिका पब्लिशर एंड डिस्ट्रीब्यूटर (प्रा.) लिमिटेड
_c2021
270 _a4697/3,21-ए ,अंसारी रोड ,दरियागंज
_bनई दिल्ली
_e110002
_manamikapublishers@yahoo.co.in
300 _a256पृ.
_c22 सेमी (सजिल्द)
942 _cHN
_2ddc
_h821.08
_mशर्मामी
999 _c204990
_d204990